000 00311nam a2200145Ia 4500
005 20250317141451.0
008 240331s9999 xx 000 0 und d
082 _bJAY
_a894
100 _aJayamohan,
245 0 _aNaval
260 _aMadras
_bMadal
_c1994
300 _a99 p .,
650 _aA Novel
942 _cL
999 _c3954
_d3954